|
|
|
|
| LEADER |
01720nam a22004572a 4500 |
| 001 |
000152540 |
| 003 |
CZ BrMZK |
| 005 |
20061018142545.0 |
| 008 |
970107s1942 xr e cze d |
| 040 |
|
|
|a BOA001
|b cze
|
| 080 |
|
|
|a 27-9"01/07"-284-051(=124)
|2 MRF
|
| 080 |
|
|
|a 27-33-285
|2 MRF
|
| 080 |
|
|
|a 27-9"01/07"-284
|2 MRF
|
| 080 |
|
|
|a 111.852
|2 MRF
|
| 080 |
|
|
|a 37.016:[7.01:111.852]
|2 MRF
|
| 080 |
|
|
|a 371.12/.16
|2 MRF
|
| 080 |
|
|
|a (0:82-83)
|2 MRF
|
| 080 |
|
|
|a (048.8)
|2 MRF
|
| 080 |
|
|
|a (0.072)
|2 MRF
|
| 100 |
0 |
|
|a Augustin,
|c svatý,
|d 354-430
|7 xx0003884
|
| 245 |
1 |
0 |
|a O pořádku ;
|b O učiteli /
|c svatý Augustin ; přeložil a úvodem opatřil K. Svoboda.
|
| 260 |
|
|
|a Praha :
|b Česká akademie věd a umění,
|c 1942
|
| 300 |
|
|
|a 128 s.
|
| 490 |
1 |
|
|a Filosofická bibliotéka
|
| 600 |
0 |
4 |
|a Augustin,
|c svatý,
|d 354-430.
|t De Ordine libri duo
|
| 600 |
0 |
4 |
|a Augustin,
|c svatý,
|d 354-430.
|t De Magistro liber unus
|
| 650 |
0 |
7 |
|a latinští církevní otcové
|7 ph122212
|y 4.-5. stol.
|2 czenas
|
| 650 |
0 |
7 |
|a církevní učitelé
|7 ph119304
|y 4.-5. stol.
|2 czenas
|
| 650 |
0 |
7 |
|a patristické texty
|7 ph117251
|y 4.-5. stol.
|2 czenas
|
| 650 |
0 |
7 |
|a estetika
|7 ph117189
|y 4.-5. stol.
|2 czenas
|
| 650 |
0 |
7 |
|a estetická výchova
|7 ph119996
|y 4.-5. stol.
|2 czenas
|
| 650 |
0 |
7 |
|a učitelská profese
|7 ph126981
|y 4.-5. stol.
|2 czenas
|
| 655 |
|
7 |
|a dialogy
|7 fd132012
|2 czenas
|
| 655 |
|
7 |
|a studie
|7 fd133597
|2 czenas
|
| 655 |
|
7 |
|a komentovaná vydání
|7 fd132577
|2 czenas
|
| 700 |
1 |
|
|a Svoboda, K.
|
| 740 |
0 |
2 |
|a O učiteli
|
| 830 |
|
0 |
|a Filosofická bibliotéka
|0 s
|
| 910 |
|
|
|a BOA001
|b PK-II-0015.392
|
| 990 |
|
|
|a BK
|
| 996 |
7 |
|
|b 3119955773
|c PK-II-0015.392
|l MZK
|r Sklad / do 1 hodiny
|n 41
|w 000152540
|u 000010
|a 1
|e BOA001
|j MZK50
|s A
|